Language Quiz

Random Language or Letter Quiz

1-10 Letter G Words II Quiz Stats

 Plays Quiz Updated Apr 26, 2020

     
Support Sporcle.
Go Orange.
Score 0/10 Timer 02:00
4 Plays Today
Clue G-Word % Correct
Movie rating at the opposite end of the scale from NC-17G
100%
The head of a baseball team in charge of building the teamGM
82.3%
A toothed wheel in a mechanismgear
79.8%
A person engaged in a fight to the death for public spectaclegladiator
76.3%
An inflammation of the gumgingivitis
67.7%
A cold spicy soup made of chopped tomatoes and other fresh vegetablesgazpacho
63.2%
Fertilizer made from bat or seabird droppingsguano
58.9%
An immature fruit of the cucumber that is subsequently pickledgherkin
57.3%
A lump or a sailorgob
31.1%
Calcium sulfate mineral that is 2 on the Mohs Scalegypsum
26.2%

From the Vault

Lord of the Rings by Meaning

by cirith

What does it all mean?
Remove Ads.
Support Sporcle.
Get the best of Sporcle when you Go Orange. This ad-free experience offers more features, more stats, and more fun while also helping to support Sporcle. Thank you for becoming a member.

Show Comments

Extras

Top Quizzes Today


Score Distribution

Your Account Isn't Verified!

In order to create a playlist on Sporcle, you need to verify the email address you used during registration. Go to your Sporcle Settings to finish the process.

Report this User

Report this user for behavior that violates our Community Guidelines.

Details: